Venkovská turistika v Olomouckém kraji = Turystyka wiejska w regionie Olomunieckim = Rural tourism in the Olomouc Region = Urlaub auf dem Lande in der Region Olomouc /
| Hlavní autor: | Machovský, Jan, 1973- |
|---|---|
| Jazyk: | Němčina Polština Čeština Angličtina |
| Vydáno: |
Olomouc : Olomoucký kraj, 2006 |
| Témata: | |
| Fyzický popis: |
71 s., [1] s. mapová příl. (39 x 27 cm) : barev. il., mapy ; 21 cm |
| Language note: |
Souběžný polský, anglický a německý text |
|
| LEADER | 02039nam a2200493 a 4500 | ||
|---|---|---|---|
| 001 | nkc20071719541 | ||
| 003 | CZ PrNK | ||
| 005 | 20241128093819.0 | ||
| 007 | ta | ||
| 008 | 070514s2006 xr abf e f 000 0 cze | ||
| 015 | |a cnb001719541 | ||
| 020 | |a 80-254-0245-2 |q (v knize neuvedeno ; |q brož.) | ||
| 035 | |a (OCoLC)187296303 | ||
| 040 | |a BOA001 |b cze |d ABA001 | ||
| 041 | 1 | |a cze |a eng |a ger |a pol |h cze | |
| 043 | |a e-xr--- |b e-xr-ol |2 czenas | ||
| 072 | 7 | |a 338.3/.4 |x Hospodářská a výrobní odvětví |2 Konspekt |9 4 | |
| 080 | |a 338.48-44(1-22) |2 MRF | ||
| 080 | |a 338.48-6(1-22) |2 MRF | ||
| 080 | |a (437.325) |2 MRF | ||
| 080 | |a (036) |2 MRF | ||
| 100 | 1 | |a Machovský, Jan, |d 1973- |7 mzk2005266024 |4 aut |4 pht |4 ctg | |
| 245 | 1 | 0 | |a Venkovská turistika v Olomouckém kraji = |b Turystyka wiejska w regionie Olomunieckim = Rural tourism in the Olomouc Region = Urlaub auf dem Lande in der Region Olomouc / |c [text, foto a mapy Jan Machovský] |
| 246 | 3 | 1 | |a Turystyka wiejska w regionie Olomunieckim |
| 246 | 3 | 1 | |a Rural tourism in the Olomouc Region |
| 246 | 3 | 1 | |a Urlaub auf dem Lande in der Region Olomouc |
| 260 | |a Olomouc : |b Olomoucký kraj, |c 2006 | ||
| 300 | |a 71 s., [1] s. mapová příl. (39 x 27 cm) : |b barev. il., mapy ; |c 21 cm | ||
| 500 | |a Názvy z obálky | ||
| 546 | |a Souběžný polský, anglický a německý text | ||
| 650 | 0 | 7 | |a agroturistika |7 ph118307 |z Česko |2 czenas |
| 650 | 0 | 7 | |a venkovský cestovní ruch |7 ph384532 |z Česko |2 czenas |
| 650 | 0 | 9 | |a farm tourism |z Czechia |2 eczenas |
| 650 | 0 | 9 | |a rural tourism |z Czechia |2 eczenas |
| 651 | 7 | |a Olomoucký kraj (Česko : 2000-) |7 ge136508 |2 czenas | |
| 651 | 9 | |a Olomoucký kraj (Czechia : 2000-) |2 eczenas | |
| 651 | 9 | |a Olomouc Region (Czechia : 2000-) |2 eczenas | |
| 655 | 7 | |a informační publikace |7 fd132454 |2 czenas | |
| 655 | 9 | |a information publications |2 eczenas | |
| 910 | 2 | |a BOA001 |b 2-1186.676 | |
| 990 | |a BK | ||
| 995 | |a 01 | ||
| 991 | |b 200705 |c NOV | ||
| 996 | 6 | |b 2610311665 |c 2-1186.676 |l MZK |r Sklad / do 1 hodiny |n 3 |p p.v. |w 000850466 |u 000010 |a 1 |e BOA001 |j MZK50 |s P | |
English
Čeština 